Economía (Registro nro. 8207)

Detalles MARC
000 -LEADER
fixed length control field 01882 a2200253 4500
001 - CONTROL NUMBER
control field 63522
005 - DATE AND TIME OF LATEST TRANSACTION
control field 20260407155933.0
008 - FIXED-LENGTH DATA ELEMENTS--GENERAL INFORMATION
fixed length control field 260407a2017 arg spa d
003 - CONTROL NUMBER IDENTIFIER
control field AR-UNSa-BCEJYS
040 ## - CATALOGING SOURCE
Original cataloging agency AR-UNSa-BCEJYS
Language of cataloging spa
Transcribing agency AR-UNSa-BCEJYS
080 ## - UNIVERSAL DECIMAL CLASSIFICATION NUMBER
Universal Decimal Classification number 330
Common auxiliary subdivision Economía en general
020 ## - INTERNATIONAL STANDARD BOOK NUMBER
International Standard Book Number 978-84-944880-3-0
041 ## - LANGUAGE CODE
Language code of text/sound track or separate title spa
100 1# - MAIN ENTRY--PERSONAL NAME
Personal name Acemoglu, Daron
245 10 - TITLE STATEMENT
Title Economía
Name of part/section of a work El primer curso inspirado en el mundo real
264 #1 - PRODUCTION, PUBLICATION, DISTRIBUTION, MANUFACTURE, AND COPYRIGHT NOTICE
Place of production, publication, distribution, manufacture Barcelona :
Name of producer, publisher, distributor, manufacturer Antoni Bosch
Date of production, publication, distribution, manufacture, or copyright notice 2017
300 ## - PHYSICAL DESCRIPTION
Extent xxxvi, 794 p.
Dimensions 28 cm.
505 ## - FORMATTED CONTENTS NOTE
Formatted contents note 1. Principios y práctica de la economía - 2. Métodos económicos y cuestiones de (...) - 3. Optimización: escoger lo mejor - 4. Demanda, oferta y equilibrio - 5. Consumidores e incentivos - 6. Vendedores e incentivos - 7: la competencia perfecta y la mano (...) - 8: El comercio - 9: Externalidades y bienes públicos - 10. El estado en la economía: impuestos y (...) - 11. Mercados de factores de producción - 12. Monopolios - 13. Teoría de juegos y cómo jugar estratégicamente - 14. Oligopolio y competencia monopolística - 15. Dilemas relacionados con el tiempo y el riesgo - 16. La economía de la información - 17. Subastas y negociaciones - 18. Economía social - 19. La riqueza de las naciones: los agregados macroeconómicos - 20. Rentas agregadas - 21. Crecimiento económico - 22. ¿Por qué el desarrollo no es igual en todo el mundo? - 23. Empleo y desempleo - 24. Mercados crediticios - 25. El sistema monetario - 26. Fluctuaciones a corto plazo - 27. Política macroeconómica anticíclica - 28. Macroeconomía y comercio internacional - 29. Macroeconomía de una economía abierta - <br/>
590 ## - LOCAL NOTE (RLIN)
Local note niveau_biblio:m niveau_hierar:0
700 1# - ADDED ENTRY--PERSONAL NAME
Personal name Laibson, David
700 1# - ADDED ENTRY--PERSONAL NAME
Personal name List, John A.
856 41 - ELECTRONIC LOCATION AND ACCESS
Uniform Resource Identifier <a href="http://www.biblioeco.unsa.edu.ar/pmb/images/libros/L129402.jpg">http://www.biblioeco.unsa.edu.ar/pmb/images/libros/L129402.jpg</a>
Link text Imagen de portada
Electronic format type image/jpeg
942 ## - ADDED ENTRY ELEMENTS (KOHA)
Koha item type
Existencias
Withdrawn status Lost status Damaged status Not for loan Home library Current library Shelving location Date acquired Total checkouts Full call number Barcode Date last seen Price effective from Koha item type
        Biblioteca Prof. Eusebio Cleto del Rey Biblioteca Prof. Eusebio Cleto del Rey   07/04/2026   330 A173 L129402 07/04/2026 07/04/2026 Libro